ARRUPE JESUIT UNIVERSITY

CORONAVIRUS -STOP THE SPREAD - CLEAN,DISINFECT,COVER

Chinese bonsai: (Record no. 130539)

MARC details
000 -LEADER
fixed length control field 00474nam a22001577a 4500
008 - FIXED-LENGTH DATA ELEMENTS--GENERAL INFORMATION
fixed length control field 201022b ||||| |||| 00| 0 eng d
020 ## - INTERNATIONAL STANDARD BOOK NUMBER
International Standard Book Number 9780713720136
050 ## - LIBRARY OF CONGRESS CALL NUMBER
Classification number SB433.5 L637
100 ## - MAIN ENTRY--PERSONAL NAME
Personal name Lensniewicz, Ilona
9 (RLIN) 49991
245 ## - TITLE STATEMENT
Title Chinese bonsai:
Remainder of title the art of penjing
Statement of responsibility, etc / by IIona Lesniewicz and Li Zhimin
260 ## - PUBLICATION, DISTRIBUTION, ETC. (IMPRINT)
Place of publication, distribution, etc London:
Name of publisher, distributor, etc Blandford Press,
Date of publication, distribution, etc 1988.
300 ## - PHYSICAL DESCRIPTION
Extent 64p. ;
Other physical details 28cm.
650 ## - SUBJECT ADDED ENTRY--TOPICAL TERM
Topical term or geographic name as entry element Bonsai
9 (RLIN) 49993
700 ## - ADDED ENTRY--PERSONAL NAME
Personal name Zhimin, Li
9 (RLIN) 49992
942 ## - ADDED ENTRY ELEMENTS (KOHA)
Source of classification or shelving scheme Library of Congress Classification
Item type Monograph ( Printed materials)
Holdings
Withdrawn status Lost status Source of classification or shelving scheme Damaged status Not for loan Collection code Home library Current library Shelving location Date acquired Total Checkouts Full call number Barcode Date last seen Price effective from Koha item type
    Library of Congress Classification     Main Collection ARRUPE LIBRARY ARRUPE LIBRARY Main Collection 22/10/2020   SB433.5 L637 46600008143 22/10/2020 22/10/2020 Monograph ( Printed materials)

 

Arrupe Library. PO Box MP320 Mt Pleasant, Harare, Zimbabwe
263 242 745411|librarian@aju.ac.zw